000 00627nam a2200193Ia 4500
003 GCL
008 140319s9999 xx 000 0 ara d
040 _aGCL /
_cGCL
082 0 4 _a621.38
_bج ا
100 1 _aبارى ج. وولارد
245 1 0 _aالالكترونيات العملية /
_cبارى ج. وولارد
700 1 _aعمادالدين خلف الحسينى
700 1 _aشوقى ذكى عيد (مترجم)
260 _a[S.N] :
_bالدار الدولية للنشر والتوزيع ،
_c1992
300 _a208 ص
490 _a
650 0 4 _aالهندسة الالكترونية
942 _2ddc
_cBK
999 _c43176
_d43176